Rahul's topper's voice M.B.A. II semester (Osmania University) Business environment: (Record no. 26624)

MARC details
000 -LEADER
fixed length control field 00798nam a2200217 a 4500
005 - DATE AND TIME OF LATEST TRANSACTION
control field 20090520135727.0
008 - FIXED-LENGTH DATA ELEMENTS--GENERAL INFORMATION
fixed length control field 080721s2009 nyua b 001 0 eng
010 ## - LCCN (DPL NO)
LC control number ENG-93608
020 ## - INTERNATIONAL STANDARD BOOK NUMBER
Terms of availability 299.00
035 ## - SYSTEM CONTROL NUMBER
System control number EN-77141
037 ## - SOURCE OF ACQUISITION
Source of stock number/acquisition DBAD / PUB
040 ## - CATALOGING SOURCE
Original cataloging agency dpl
Language of cataloging English
082 ## - DEWEY DECIMAL CLASSIFICATION NUMBER
Classification number 658
245 ## - TITLE STATEMENT
Title Rahul's topper's voice M.B.A. II semester (Osmania University) Business environment:
Remainder of title study manual, short notes, model papers-(2008)
260 ## - PUBLICATION, DISTRIBUTION, ETC. (IMPRINT)
Place of publication, distribution, etc Hyderabad
Name of publisher, distributor, etc Rahul Publications
Date of publication, distribution, etc 2009-10
300 ## - PHYSICAL DESCRIPTION
Extent Various pagings
Dimensions 24cm(pbk)
650 ## - SUBJECT ADDED ENTRY--TOPICAL TERM
Topical term or geographic name as entry element Business
650 ## - SUBJECT ADDED ENTRY--TOPICAL TERM
Topical term or geographic name as entry element Industrial management
942 ## - ADDED ENTRY ELEMENTS (KOHA)
Source of classification or shelving scheme Dewey Decimal Classification
Item type English Books
Call number suffix RAH
Classification part 658
Holdings
Withdrawn status Lost status Source of classification or shelving scheme Damaged status Not for loan Collection code Home library Current library Date acquired Source of acquisition Cost, normal purchase price Total Checkouts Full call number Barcode Date last seen Copy number Cost, replacement price Koha item type
    Dewey Decimal Classification   Not For Loan Non-fiction D.B.Act.Division D.B.Act.Division 20/05/2009 DBAD / PUB 299.00   658 RAH EN-77141 20/05/2009 1 299.00 English Books

© Delhi Public Library
Hit Counter
free hit counter